000 00857nam a2200265 a 4500
001 000009682
003 DO-SdBNP
005 20240927073746.0
007 ta
008 091001s2000 dr a 000 p spa d
040 _aDO-SdBNP
_bspa
_cBNPHU
082 4 _aRD861.44
_bB171c, 2000
_222
100 1 _a Balaguer, Joaquín,
_d1906-2002
_976556
245 1 3 _aLa cruz de cristal /
_cJoaquín Balaguer ; ilustraciones Julio Llort ; cuidado de edición Tomás Castro Burdiez.
250 _a3a ed.
260 _aSanto Domingo :
_bCorripio,
_c2000.
300 _a274 p. :
_bil. ;
_c27 cm.
590 _aInventariado, 2018/LP
650 4 _aPoesía dominicana
_966
650 0 _aLiteratura dominicana.
_967
700 1 _aLlort, Julio,
_eil.
_924581
700 _aCastro, Tomás,
_d1959-
_eed.
_924641
910 _aValidado. Control de calidad MFF
942 _2ddc
_cLBS1
999 _c9442
_d9442